000 00797cam a22002773a 4500
001 24655
003 PGUSA
005 20140828083530.0
008 080220s2008||||xxu|||||s|||||000 1 eng d
040 _aPGUSA
_beng
042 _adc
050 4 _aPS
100 1 _aTinker, Joseph
245 1 0 _aTinker's Dam
_h[electronic resource] /
_cJoseph Tinker
260 _bProject Gutenberg,
_c2008
506 _aPublic domain in the USA.
516 _aElectronic text
653 _aScience fiction, American
653 _aShort stories
653 _aUnited States. Federal Bureau of Investigation -- Fiction
653 _aTelepathy -- Fiction
700 1 _aSchoenherr, John,
_d1935-2010
830 0 _aProject Gutenberg
_v24655
856 4 0 _uhttp://www.gutenberg.org/ebooks/24655
942 _cEB
999 _c253910
_d253910